みなかみ町(群馬県)の駅 - Statistics

General Stats
  • This quiz has been taken 54 times
  • The average score is 5 of 6
Answer Stats
Answer % Correct
水上
98%
土合
94%
上毛高原
94%
湯檜曽
81%
後閑
73%
上牧
65%
No matching quizzes found
Score Distribution
Percent of People with Each Score
Percentile by Number Answered
Your Score History
You have not taken this quiz